000
00249nam a2200097Ia 4500
001
1076113
005
20250827002251.0
008
250824s9999 xx 000 0 und d
245
0
_a
ACAR SÜVARİ TUTUK ARBALET
_c
ALİ EMRE
260
_b
KETEBE YAYINLARI
999
_c
1076113
_d
1076113